000 00828nam a2200265 i 4500
001 C2-0337173
003 PPAK
005 20180728140007.0
008 160807s2016 my a|||| ||||| | may d
020 _a9789673871957
040 _aPPAK
_beng
_cPPAK
_erda
082 0 4 _a650.14
_223
090 0 0 _a650.14
_bLAT
_dK
100 0 _aLatifah Saad,
_eauthor
245 1 0 _aSaintifik & perubatan
264 1 _aRawang, Selangor :
_bPustaka Minda Aktif ,
_c2016
300 _aii, 38 pages :
_bcolour photographs ;
_c26 cm
336 _2rdacontent
_atext
337 _2rdamedia
_aunmediated
338 _2rdacarrier
_avolume
490 1 _aSiri info kerjaya
650 1 0 _aVocational guidance. ; Career education. ; Science - Vocational guidance. ; Medicine - Vocational guidance.
830 0 _aSiri info kerjaya
942 _ddc
_cB
999 _c134874
_d134874